00525nam a22001577a 4500003000400000082001600004100001700020245011800037260003500155300000700190650001600197653000800213942001200221952011700233999001700350SGT a617.3bF21A aARORA, JATIN aFunctional outcome of Initial Dynamization & early wieght Bearing of Tibia Fractures managed by Interlocking Nail aGURUGRAMbSGT UNIVERSITYc2021 a93 aORTHOPEDICS aM.S 2ddccTH 00102ddc4051718MEDICALaFMbFMcREFd2024-06-21l0o617.3 F21ApDT1707r2024-06-21 00:00:00w2024-06-21yTH c26494d26494